1074 1568 1284 1955 1050 1132 1695 1030 1426 1246 1067 1798 1456 1977 1621 1762 1371 1868 1901 1004 1477 1019 1374 1173 1571 1202 1483 1157 1510 1617 1376 1826 1707 1402 1516 1559 1543 1165 1627 1718 1760 1837 1922 1182 1128 1563 1176 1252 1081 1491 1060 1591 1628 1521 1095 1453 1160 1097 1284 1514 1078 1919 1465 1138 1825 1144 1680 1490 1491 1562 1250 1441 1304 1492 1818 1001 1082 1150 1089 1094 1919 1801 1973 1906 1301 1049 1481 1962 1029 1374 1460 1743 1294 1089 1182 1299 1422 1701 1390 BCNSPRNW ULIB Ver.6.0+V

เปลี่ยนเป็นภาษาไทย

Change to English
 แสดงรายละเอียดบรรณานุกรม
  กลับหน้าหลัก

Brief Record : Get Marc (ISO 2709) : E-mail record : QR code < ปิดหน้าต่าง
LEADER : 00000nam 2200000uu 4500
001    13399128961
003     ULIB
008    241110s2565||||th 000 0 tha d
020    ^a9789749747759
050    ^aนว^bท471ท
100    ^aทิพย์ นาถสุภา
245    ^aทิพยนิมิต/^cทิพย์ นาถสุภา
260    ^aกรุงเทพฯ :^bชนนิยม,^c2565
300    ^a143 หน้า;^b21 ซม.
650    ^aวรรณคดีสันสกฤต
945    ^p350^l0^i30376
999    ^aกัณชพร จุลอักษร
รายการนี้ยังไม่มีแท็ก
คุณยังไม่ได้ล็อกอิน คุณสามารถมีกิจกรรมร่วมกับเว็บไซต์ได้ แต่ต้องล็อกอินก่อน ::
  ล็อกอิน

รายการสื่อสารสนเทศ

ลำดับที่ ประเภท เลขเรียก/บาร์โค้ด สถานที่ สถานะ
1. วิทยาศาสตร์การแพทย์ และสุขภาพ
วิทยาศาสตร์การแพทย์ และสุขภาพ
นว ท471ท ฉ.1 
  Barcode: 30376
ห้องสมุดวิทยาเขตนครสวรรค์
►หนังสือทั่วไป:l:General Books
บนชั้น

รายการใกล้เคียง
    ผู้แต่ง [ทิพย์ นาถสุภา]

    หัวเรื่อง [วรรณคดีสันสกฤต]

BibComment


ยังไม่เคยถูกคอมเมนท์

คอมเมนท์ทรัพยากรรายการนี้
  คอมเมนท์: ทิพยนิมิต ทิพย์ ..


 Copyright 2026. Bcnsprnw @Library